MARC

LEADER 00000nas a2200000 a 4500
001 ssj0004596
003 WaSeSS
005 20200512172242.0
006 m d
007 cr n
008 010730c19839999enkax pss 0 a0eng c
010 |a  2004233793 
016 7 |a 012435146  |2 Uk 
016 7 |a 012924356  |2 Uk 
022 |a 1600-0889  |l 0280-6509  |y 0280-6509 
030 |a TSBMD7 
035 |a (WaSeSS)ssj0004596 
040 |a DGW  |b eng  |e pn  |c DGW  |d OCLCQ  |d GUA  |d INT  |d F#A  |d OCLCQ  |d UQ1  |d UBY  |d OCLCQ  |d UKMGB  |d SHS  |d CCO  |d OCLCQ  |d UKBOL  |d OCLCO  |d OCLCQ  |d EUW  |d OCLCF  |d OCLCO  |d OCLCQ  |d WT2  |d OCLCQ  |d AU@  |d DLC  |d NLE  |d VT2  |d OCLCQ  |d NJT  |d OCLCQ  |d DLC  |d WaSeSS 
042 |a pcc  |a nsdp 
050 0 0 |a QC879.6 
082 0 0 |a 551.5  |2 23 
082 0 4 |a 551.5 
130 0 |a Tellus.  |n Series B,  |p Chemical and physical meteorology (Online) 
210 0 |a Tellus, Ser. B, Chem. phys. meteorol.  |b (Online) 
222 0 |a Tellus. Series B, Chemical and physical meteorology  |b (Online) 
245 1 0 |a Tellus.  |n Series B,  |p Chemical and physical meteorology  |h [electronic resource]. 
246 1 |i Some providers have contents screen title:  |a Tellus B 
246 1 |a Chemical and physical meteorology 
260 |a Copenhagen :  |b Swedish Geophysical Society :  |b Munksgaard [distributor] 
260 2 |3 <2004-> :  |a Oxford :  |b Blackwell Publishing 
260 3 |3 <2018-> :  |a [Abingdon, U.K.] :  |b Taylor & Francis 
310 |a One issue per year,  |b 2012- 
321 |a Bimonthly 
362 1 |a Print began with vol. 35B, no. 1 (Feb. 1983). 
500 |a Published in cooperation wit the Department of Meteorology (MISU), Stockholm University. 
506 |a License restrictions may limit access. 
515 |a Articles available as published and compiled in an annual volume. 
525 |a Includes supplements. 
550 |a Issued for the Swedish Geophysical Society. 
588 0 |a Vol. 42, issue 1 (Feb. 1990); title from journal homepage screen (Synergy, viewed June 4, 2004). 
588 1 |a Vol. 72, issue 1 (2020) (tandfonline, com, viewed Apr. 28, 2020). 
650 0 |a Atmospheric chemistry  |v Periodicals. 
650 0 |a Atmospheric physics  |v Periodicals. 
650 0 |a Meteorology  |v Periodicals. 
650 0 |a Air  |x Pollution  |x Meteorological aspects  |v Periodicals. 
650 6 |a Chimie de l'atmosphère  |v Périodiques. 
650 6 |a Météorologie physique  |v Périodiques. 
650 6 |a Météorologie  |v Périodiques. 
650 7 |a Air  |x Pollution  |x Meteorological aspects.  |2 fast  |0 (OCoLC)fst00802141 
650 7 |a Atmospheric chemistry.  |2 fast  |0 (OCoLC)fst00820380 
650 7 |a Atmospheric physics.  |2 fast  |0 (OCoLC)fst00820473 
650 7 |a Meteorology.  |2 fast  |0 (OCoLC)fst01018441 
650 1 7 |a Meteorologie.  |2 gtt 
650 1 7 |a Chimie de l'atmosphère.  |2 rasuqam 
650 7 |a Météorologie physique.  |2 rasuqam 
650 7 |a Météorologie.  |2 rasuqam 
653 |a Geography and environment 
655 0 |a Electronic journals. 
710 2 |a Stockholms universitet.  |b Meteorologiska institutionen. 
710 2 |a Svenska geofysiska föreningen. 
776 0 8 |i Print version:  |t Tellus. Series B, Chemical and physical meteorology  |x 0280-6509  |w (DLC) 88647610  |w (OCoLC)9311197 
850 |a DLC 
856 4 0 |z Full text available from Research Library: 01/01/2013 to present  |u https://search.proquest.com/publication/2030035